Rocky Mountain States Quiz Stats

 Plays Quiz Updated Oct 9, 2014

Also try: Mountain Countries
Challenge
Share
Tweet
Embed
Score 0/6 Timer 01:00
0 Plays Today
State Name % Correct
Colorado
97.6%
Montana
92.8%
Utah
91.8%
Wyoming
90.3%
Idaho
89.1%
New Mexico
80.7%

You're not logged in!

Compare scores with friends on all Sporcle quizzes.
Join for Free
OR
Log In

You Might Also Like...

Show Comments

Extras

Top Quizzes Today


Score Distribution

Your Account Isn't Verified!

In order to create a playlist on Sporcle, you need to verify the email address you used during registration. Go to your Sporcle Settings to finish the process.

Report this User

Report this user for behavior that violates our Community Guidelines.

Details: